Tenisový klub s reštauráciou - Pri Habánskom mlyne

Saved in:
Bibliographic Details
Main Author: Bašová, Michala, 1987- (Author)
Other Authors: Macháčová, Klára (Thesis advisor)
Format: Manuscript Book
Language:Slovak
Published: Bratislava : STU v Bratislave FA, 2010
Subjects:
Online Access:VAIS
Tags: Add Tag
No Tags, Be the first to tag this record!

MARC

LEADER 00000ntm a22000003a 4500
001 stu219122
005 20241120132049.5
008 101209s2010----xo------------------slo-d
040 |a STU  |b slo 
041 0 |a slo 
044 |a xo 
100 1 |a Bašová, Michala,  |d 1987-  |4 aut  |u A  |T FAD Fakulta architektúry  |X 39833  |U A  |Y 50  |7 A000039833 
242 0 0 |a tennis club - Habánsky mlyn - Bratislava  |y eng 
245 1 |a Tenisový klub s reštauráciou - Pri Habánskom mlyne 
260 |a Bratislava :  |b STU v Bratislave FA,  |c 2010 
650 7 |a architektúra a urbanizmus  |2 stusub 
650 7 |a Architecture and Urban Design  |2 estusub 
650 7 |a tenisový klub  |2 stusub 
650 7 |a triangle  |2 stusub 
700 1 |a Macháčová, Klára  |4 ths  |u A2120  |U FAD Fakulta architektúry  |T FA Ústav ekologickej a experimentálnej architektúry  |X 42509  |U A2120  |Y 393  |7 A000042509 
856 4 |a info a plný text  |u http://is.stuba.sk/zp/portal_zp.pl?podrobnosti=3439  |u https://opac.crzp.sk/?fn=detailBiblioForm&sid=A406D59750C55BB3FC237AFE30AD  |3 VAIS